التنمية السياسية ودورها في الاستقرار السياسي في الدول العربية / (Record no. 33280)
[ view plain ]
| 000 -LEADER | |
|---|---|
| fixed length control field | 00636nam a22001577a 4500 |
| 003 - CONTROL NUMBER IDENTIFIER | |
| control field | JO-AjAnu |
| 005 - DATE AND TIME OF LATEST TRANSACTION | |
| control field | 20231211115046.0 |
| 008 - FIXED-LENGTH DATA ELEMENTS--GENERAL INFORMATION | |
| fixed length control field | 231211b jo ||||| |||| 00| 0 ara d |
| 040 ## - CATALOGING SOURCE | |
| Language of cataloging | ara |
| Transcribing agency | JO-AjAnu |
| Modifying agency | ANU |
| 100 ## - MAIN ENTRY--PERSONAL NAME | |
| Personal name | شلبي، سعد شاكر |
| 9 (RLIN) | 64604 |
| Relator term | مؤلف |
| 245 ## - TITLE STATEMENT | |
| Title | التنمية السياسية ودورها في الاستقرار السياسي في الدول العربية / |
| Statement of responsibility, etc. | تأليف سعد شاكر الشلبي |
| 260 ## - PUBLICATION, DISTRIBUTION, ETC. | |
| Place of publication, distribution, etc. | عمان : |
| Name of publisher, distributor, etc. | دار زهران للنشر والتوزيع، |
| Date of publication, distribution, etc. | 2015 |
| 300 ## - PHYSICAL DESCRIPTION | |
| Extent | 301 صفحه |
| 651 ## - SUBJECT ADDED ENTRY--GEOGRAPHIC NAME | |
| Form subdivision | البلاد العربية-سياسة وحكومه |
| 942 ## - ADDED ENTRY ELEMENTS (KOHA) | |
| Source of classification or shelving scheme | Library of Congress Classification |
| Koha item type | Books |
| Suppress in OPAC | No |
| Withdrawn status | Lost status | Source of classification or shelving scheme | Damaged status | Not for loan | Home library | Current library | Date acquired | Total Checkouts | Full call number | Barcode | Date last seen | Price effective from | Koha item type |
|---|---|---|---|---|---|---|---|---|---|---|---|---|---|
| Library of Congress Classification | مكتبة جامعة عجلون الوطنية | مكتبة جامعة عجلون الوطنية | 11/12/2023 | JC498.9.S53.2016 | A29537 | 11/12/2023 | 11/12/2023 | Books |